[Event "RSA-ch U12 Girls"]
[Site "Bloemfontein"]
[Date "2016.03.25"]
[Round "10"]
[White "Staal, Michaela Francis"]
[Black "Saidi, Nombulelo"]
[Result "1-0"]
[WhiteElo "1147"]
[BlackElo "1174"]
[PlyCount "50"]
[EventDate "2016.03.20"]
[EventType "swiss"]
[EventRounds "11"]
[EventCountry "RSA"]
[SourceTitle "CBM 171 Extra"]
[Source "ChessBase"]
[SourceDate "2016.04.26"]
[SourceVersion "1"]
[SourceVersionDate "2016.04.26"]
[SourceQuality "1"]

1. e4 e5 2. Nf3 Nc6 3. Bc4 Nf6 4. d4 Bd6 5. Bg5 h6 6. Bh4 Qe7 7. 0-0 0-0 8. Nc3 exd4 9. Nd5 Qd8 10. Nxf6+ gxf6 11. Nxd4 Kh7 12. Nf5 Bf4 13. Qg4 Bg5 14. f4 Rg8 15. fxg5 fxg5 16. Qh5 Qf6 17. Be1 Ne5 18. Bc3 d6 19. Rad1 Be6 20. Nxd6 Qg6 21. Qxg6+ Nxg6 22. Bxe6 Rgf8 23. Rxf7+ Rxf7 24. Nxf7 Re8 25. Bd7 Re7 1-0

[Event "RSA-ch U12 Girls"]
[Site "Bloemfontein"]
[Date "2016.03.24"]
[Round "8"]
[White "Saidi, Nombulelo"]
[Black "Fourie, Elzette"]
[Result "1-0"]
[WhiteElo "1174"]
[BlackElo "868"]
[PlyCount "60"]
[EventDate "2016.03.20"]
[EventType "swiss"]
[EventRounds "11"]
[EventCountry "RSA"]
[SourceTitle "CBM 171 Extra"]
[Source "ChessBase"]
[SourceDate "2016.04.26"]
[SourceVersion "1"]
[SourceVersionDate "2016.04.26"]
[SourceQuality "1"]

1. e4 e5 2. Nf3 Nc6 3. Nc3 Nf6 4. Bb5 a6 5. Bxc6 bxc6 6. Nxe5 Bd6 7. Nf3 0-0 8. 0-0 Re8 9. Re1 Bc5 10. d4 Bb6 11. h3 d5 12. e5 Nd7 13. Bf4 Nf8 14. a3 Bd7 15. Qd2 f6 16. exf6 Qxf6 17. Be5 Qg6 18. Nh4 Qh5 19. Qf4 Ne6 20. Qg3 Rf8 21. Ne2 Qh6 22. Rad1 c5 23. Rd3 Bb5 24. Rf3 Rxf3 25. Nxf3 Ba5 26. c3 Nxd4 27. Nfxd4 Re8 28. Nxb5 axb5 29. Kh2 Rf8 30. Qd3 c6 1-0

[Event "RSA-ch U12 Girls"]
[Site "Bloemfontein"]
[Date "2016.03.24"]
[Round "9"]
[White "Saidi, Nombulelo"]
[Black "Vather, Kasmira"]
[Result "0-1"]
[WhiteElo "1174"]
[BlackElo "1259"]
[PlyCount "118"]
[EventDate "2016.03.20"]
[EventType "swiss"]
[EventRounds "11"]
[EventCountry "RSA"]
[SourceTitle "CBM 171 Extra"]
[Source "ChessBase"]
[SourceDate "2016.04.26"]
[SourceVersion "1"]
[SourceVersionDate "2016.04.26"]
[SourceQuality "1"]

1. e4 d5 2. exd5 Nf6 3. Bc4 Nxd5 4. Bxd5 Qxd5 5. Nf3 Nc6 6. d3 g6 7. Nc3 Qd8 8. Bf4 Bg7 9. 0-0 0-0 10. h3 a6 11. Qd2 e5 12. Bh6 Re8 13. Bxg7 Kxg7 14. Rfe1 Bf5 15. Re3 Qd6 16. Rae1 Re7 17. d4 Rd8 18. b3 Nb4 19. Rxe5 Rxe5 20. Rxe5 f6 21. Re2 h5 22. Nh4 Be6 23. a3 Nc6 24. Qd3 f5 25. Nf3 Bf7 26. Rd2 Qxa3 27. Nb1 Qa1 28. Rd1 Nb4 29. Qd2 Qa5 30. Qc3 Nc6 31. Qb2 Kg8 32. Ng5 Rxd4 33. Rxd4 Qe1+ 34. Kh2 Qe5+ 35. f4 Qxd4 36. Qc1 Bd5 37. Qd2 Qxd2 38. Nxd2 Nd4 39. c4 Bc6 40. Ngf3 Nxf3+ 41. Nxf3 Bxf3 42. gxf3 Kf7 43. Kg2 Ke6 44. Kf2 Kd6 45. Ke3 Kc5 46. Kd3 Kb4 47. Kd4 Kxb3 48. Ke5 a5 49. Kf6 a4 50. Kxg6 a3 51. Kxf5 a2 52. Kg5 a1Q 53. Kxh5 Qg7 54. h4 Kxc4 55. f5 Kd5 56. f4 Qg8 57. Kh6 Ke4 58. f6 Kf5 59. h5 Qh8# 0-1

[Event "RSA-ch U12 Girls"]
[Site "Bloemfontein"]
[Date "2016.03.23"]
[Round "7"]
[White "Van Niekerk, Natasha Isabel"]
[Black "Saidi, Nombulelo"]
[Result "1-0"]
[WhiteElo "1071"]
[BlackElo "1174"]
[PlyCount "57"]
[EventDate "2016.03.20"]
[EventType "swiss"]
[EventRounds "11"]
[EventCountry "RSA"]
[SourceTitle "CBM 171 Extra"]
[Source "ChessBase"]
[SourceDate "2016.04.26"]
[SourceVersion "1"]
[SourceVersionDate "2016.04.26"]
[SourceQuality "1"]

1. d4 d5 2. c4 Nf6 3. cxd5 Qxd5 4. Nc3 Qd8 5. Nf3 Bg4 6. Bg5 h6 7. Bxf6 exf6 8. e3 Bb4 9. Qa4+ Nc6 10. Be2 a6 11. h3 Bxc3+ 12. bxc3 b5 13. Qc2 Bh5 14. 0-0 0-0 15. Rfe1 b4 16. Rab1 a5 17. Rec1 Re8 18. Rb2 Rb8 19. Qa4 Rb6 20. cxb4 Nxb4 21. Rb3 Bxf3 22. Bxf3 Qb8 23. Qxa5 Re7 24. Rcb1 c5 25. Qxc5 Rc7 26. Qf5 g6 27. Qf4 g5 28. Qf5 Qa7 29. Rxb4 1-0

[Event "RSA-chT U12"]
[Site "Cape Town"]
[Date "2016.01.07"]
[Round "7.7"]
[White "Van der Merwe, Alexander"]
[Black "Saidi, Nombulelo"]
[Result "1-0"]
[WhiteElo "1268"]
[BlackElo "1228"]
[PlyCount "96"]
[EventDate "2016.01.04"]
[EventType "team-tourn"]
[EventRounds "7"]
[EventCountry "RSA"]
[SourceTitle "CBM 170 Extra"]
[Source "ChessBase"]
[SourceDate "2016.02.25"]
[SourceVersion "1"]
[SourceVersionDate "2016.02.25"]
[SourceQuality "1"]
[WhiteTeam "Western Province"]
[BlackTeam "Kenneth Kaunda"]
[WhiteTeamCountry "RSA"]
[BlackTeamCountry "RSA"]

1. e4 e5 2. Nf3 Nc6 3. Bc4 Nf6 4. d3 h6 5. h3 a6 6. a3 Bc5 7. Nc3 d6 8. 0-0 0-0 9. Bd2 Be6 10. Ba2 d5 11. exd5 Nxd5 12. Nxd5 Bxd5 13. Bxd5 Qxd5 14. Qc1 Kh7 15. Be3 Nd4 16. Nxd4 Bxd4 17. Bxd4 exd4 18. Qf4 c6 19. Qe4+ g6 20. Qxd5 cxd5 21. Rfe1 Rfe8 22. Kf1 Kg7 23. Rxe8 Rxe8 24. Re1 Rc8 25. Rc1 f5 26. Ke2 Kf6 27. f4 g5 28. Kf3 Re8 29. fxg5+ Kxg5 30. Kf2 h5 31. Re1 Rc8 32. Rc1 h4 33. g3 Re8 34. c4 hxg3+ 35. Kxg3 f4+ 36. Kf2 Rd8 37. Kf3 dxc4 38. Rxc4 b6 39. h4+ Kh5 40. Kxf4 b5 41. Rb4 Kxh4 42. Ke4 Kg5 43. Rxd4 Re8+ 44. Kd5 Kf5 45. Kc5 Rc8+ 46. Kb4 Ke5 47. Rd7 Ke6 48. Ra7 Kd5 1-0

[Event "RSA-chT U12"]
[Site "Cape Town"]
[Date "2016.01.06"]
[Round "6.7"]
[White "Saidi, Nombulelo"]
[Black "Holmes, Daniel"]
[Result "1-0"]
[WhiteElo "1228"]
[BlackElo "937"]
[PlyCount "68"]
[EventDate "2016.01.04"]
[EventType "team-tourn"]
[EventRounds "7"]
[EventCountry "RSA"]
[SourceTitle "CBM 170 Extra"]
[Source "ChessBase"]
[SourceDate "2016.02.25"]
[SourceVersion "1"]
[SourceVersionDate "2016.02.25"]
[SourceQuality "1"]
[WhiteTeam "Kenneth Kaunda"]
[BlackTeam "Nelson Mandela Bay"]
[WhiteTeamCountry "RSA"]
[BlackTeamCountry "RSA"]

1. e4 e5 2. Nf3 Nc6 3. Nc3 Nf6 4. Bc4 Nxe4 5. Nxe4 d5 6. Bb5 a6 7. Bxc6+ bxc6 8. Ng3 Bg4 9. h3 Bd7 10. Nxe5 Qe7 11. Qe2 0-0-0 12. 0-0 Re8 13. Re1 f5 14. Nxd7 Kxd7 15. Qxe7+ Bxe7 16. Nxf5 Bg5 17. Rxe8 Rxe8 18. Kf1 Rf8 19. Nxg7 Bh4 20. f3 Rf7 21. Nh5 Rf5 22. g4 Rxf3+ 23. Kg1 Bf2+ 24. Kg2 Rf8 25. d3 Bd4 26. Kg3 Be5+ 27. Nf4 h5 28. Kf3 hxg4+ 29. hxg4 Kd6 30. Bd2 Rf7 31. g5 Bxb2 32. Rb1 Bd4 33. Kg2 Ke7 34. g6 Rg7 1-0

[Event "RSA-chT U12"]
[Site "Cape Town"]
[Date "2016.01.05"]
[Round "4.7"]
[White "Saidi, Nombulelo"]
[Black "Hoffmann, Louwhan"]
[Result "1-0"]
[WhiteElo "1228"]
[BlackElo "820"]
[PlyCount "67"]
[EventDate "2016.01.04"]
[EventType "team-tourn"]
[EventRounds "7"]
[EventCountry "RSA"]
[SourceTitle "CBM 170 Extra"]
[Source "ChessBase"]
[SourceDate "2016.02.25"]
[SourceVersion "1"]
[SourceVersionDate "2016.02.25"]
[SourceQuality "1"]
[WhiteTeam "Kenneth Kaunda"]
[BlackTeam "Johannesburg Metro"]
[WhiteTeamCountry "RSA"]
[BlackTeamCountry "RSA"]

1. e4 c6 2. Nf3 d5 3. Bd3 dxe4 4. Bxe4 Bg4 5. h3 Bh5 6. Nc3 Nf6 7. 0-0 e6 8. a3 Nbd7 9. d4 Bd6 10. Qd3 h6 11. Re1 g6 12. d5 Bxf3 13. Bxf3 Qc7 14. dxe6 fxe6 15. Rxe6+ Be7 16. Qxg6+ Kd8 17. Qg7 Re8 18. Qxh6 Bf8 19. Rxe8+ Kxe8 20. Qg6+ Ke7 21. Bg5 Qe5 22. Kf1 Kd6 23. Ne4+ Kc7 24. Nxf6 Be7 25. Re1 Qb5+ 26. Kg1 Bd6 27. Nxd7 Kxd7 28. Bg4+ Kc7 29. Qf7+ Kb6 30. Re3 Qxb2 31. Rb3+ Ka6 32. Rxb2 Rf8 33. Qxb7+ Ka5 34. Qxa7# 1-0